书目信息 |
| 题名: |
第四纪环境
|
|
| 作者: | M.A.J.Williams...[等] 著 ;刘东生...[等] 编译 | |
| 分册: | ||
| 出版信息: | 北京 科学出版社 1997.12 |
|
| 页数: | 304页 | |
| 开本: | 16开 | |
| 丛书名: | 中国科学院研究生教学丛书 | |
| 单 册: | ||
| 中图分类: | X141 | |
| 科图分类: | ||
| 主题词: | 环境地学 | |
| 电子资源: | ||
| ISBN: | 7-03-006257-4 | |
| 000 | 00734nam0 2200229 45 | |
| 001 | 0103051661 | |
| 005 | 20031219104048.6 | |
| 010 | @a7-03-006257-4@dCNY38.00 | |
| 100 | @a20010305d1997 km y0chiy0120 ea | |
| 101 | 0 | @achi |
| 105 | @a z 000yy | |
| 200 | 1 | @a第四纪环境@ADi Si Ji Huan Jing@f(澳)M.A.J.Williams...[等]著@F(Ao)M.A.J.Williams...[Deng]Zhu@g刘东生...[等]编译 |
| 210 | @a北京@c科学出版社@d1997.12 | |
| 215 | @a304页@d16开 | |
| 225 | @a中国科学院研究生教学丛书 | |
| 410 | @12001 @a中国科学院研究生教学丛书 | |
| 606 | 0 | @a环境地学 |
| 690 | @aX141@v1 | |
| 701 | 0 | @aM.A.J.Williams...[等]@4著 |
| 702 | 0 | @a刘东生...[等]@ALiu Dong Sheng...[Deng]@4编译 |
| 801 | @aCN@bTSTC@c20010305 | |
| 905 | @b295298-302@dX141@e25@f5 | |
| 第四纪环境/(澳)M.A.J.Williams...[等]著/刘东生...[等]编译.-北京:科学出版社,1997.12 |
| 304页;16开.-(中国科学院研究生教学丛书) |
| ISBN 7-03-006257-4:CNY38.00 |
| ● |
| 相关链接 |
|
|
|
|
正题名:第四纪环境
索取号:X141/25
 
预约/预借
| 序号 | 登录号 | 条形码 | 馆藏地/架位号 | 状态 | 备注 |
| 1 | 0295298 | 002952987 | 第三借阅区/ [索取号:X141/25] | 在馆 | |
| 2 | 0295299 | 002952996 | 第三借阅区/ [索取号:X141/25] | 在馆 | |
| 3 | 0295300 | 002953003 | 第三借阅区/ [索取号:X141/25] | 在馆 | |
| 4 | 0295301 | 002953012 | 第三借阅区/ [索取号:X141/25] | 在馆 | |
| 5 | 0295302 | 002953021 | 第二样本阅览室/ [索取号:X141/25] | 在馆 |